The King Abdulaziz Historical Centre. (Record no. 110415)

MARC details
000 -LEADER
campo de control de longitud fija 00832cam a2200289Ia 4500
001 - NÚMERO DE CONTROL
campo de control 50256
005 - FECHA Y HORA DE LA ÚLTIMA TRANSACCIÓN
campo de control 20230411090001.0
008 - DATOS DE LONGITUD FIJA--INFORMACIÓN GENERAL
campo de control de longitud fija 040727s2000 su a 000 0 eng d
035 ## - NÚMERO DE CONTROL DEL SISTEMA
Número de control de sistema (OCoLC)ocm56030127
040 ## - FUENTE DE CATALOGACIÓN
Centro catalogador/agencia de origen CLU
Centro/agencia transcriptor CLU
Centro/agencia modificador MYG
020 ## - NÚMERO INTERNACIONAL ESTÁNDAR DEL LIBRO
Número Internacional Estándar del Libro 996093120X
020 ## - NÚMERO INTERNACIONAL ESTÁNDAR DEL LIBRO
Número Internacional Estándar del Libro 9789960931203
035 ## - NÚMERO DE CONTROL DEL SISTEMA
Número de control de sistema (OCoLC)56030127
043 ## - CÓDIGO DE ÁREA GEOGRÁFICA
Código de área geográfica a-su---
090 ## - LOCALMENTE ASIGNADO TIPO-LC NÚMERO DE CLASIFICACIÓN (OCLC); NÚMERO DE CLASIFICACIÓN LOCAL (RLIN)
Número de clasificación (OCLC) (R) ; Numero de clasificación, CALL (RLIN) (NR) DS223
Número cutter local (OCLC) ; Número de libro/Signatura topográfica íntegra, CALL (RLIN) .K52 2000
049 ## - FONDOS LOCALES (OCLC)
Biblioteca depositaria GRAL
245 04 - MENCIÓN DEL TÍTULO
Título The King Abdulaziz Historical Centre.
260 ## - PUBLICACIÓN, DISTRIBUCIÓN, ETC.
Lugar de publicación, distribución, etc. Riyadh :
Nombre del editor, distribuidor, etc. Arriyadh Development Authority,
Fecha de publicación, distribución, etc. c2000.
300 ## - DESCRIPCIÓN FÍSICA
Extensión 151 p. :
Otras características físicas ill. (some col.) ;
Dimensiones 31 cm.
500 ## - NOTA GENERAL
Nota general Errata slip insrted.
600 10 - PUNTO DE ACCESO ADICIONAL DE MATERIA--NOMBRE DE PERSONA
Nombre de persona King Abdulaziz Historical Centre (Riyadh, Saudi Arabia)
651 #0 - PUNTO DE ACCESO ADICIONAL DE MATERIA--NOMBRE GEOGRÁFICO
Nombre geográfico Saudi Arabia
Subdivisión general History.
710 2# - ENTRADA AGREGADA--NOMBRE DE ENTIDAD CORPORATIVA
Nombre de entidad corporativa o nombre de jurisdicción como elemento de entrada Arriyadh Development Authority.
942 ## - ELEMENTOS DE ENTRADA SECUNDARIOS (KOHA)
Fuente del sistema de clasificación o colocación Clasificación de Library of Congress
Tipo de ítem Koha
946 ## - PROCESAMIENTO DE INFORMACIÓN LOCAL (OCLC)
a clperez
994 ## -
-- C0
-- DRFGD
Holdings
Estatus retirado Estado de pérdida Fuente del sistema de clasificación o colocación Estado de daño No para préstamo Colección Biblioteca de origen Biblioteca actual Ubicación en estantería Fecha de adquisición Código de barras Visto por última vez Copia número Tipo de ítem Koha
    Clasificación de Library of Congress     Automatización y Procesos Técnicos Biblioteca Juan Bosch Biblioteca Juan Bosch Automatización y Procesos Técnicos (1er. Piso) 11/04/2023 00000050893 17/02/2019 1